00828nam a22002177a 450000100060000000300090000600500170001500800470003204000220007909200170010110000330011824501850015126000490033630000280038570000240041394200120043794500270044995201030047695600160057999900150059500260DO-SdBNP20180126141545.0151210b 1974 east ||||| |||| 00| 0 spa d aBPMSUbspacBPMSU aXXXXXbXXXXX1 aBaumgaertner, Alfred Clemens10aEl Libro juvenil alemán hoy /cpublicado bajo la dirección de Alfred Clemens Baumgärtner ; con la colaboración de Marianne Exner y Dorothea Otte ; traducción Felipe Boso. aVelber, Alemania :bFriedrich Verlag,c1974. a180 p.bil. ; c21 cm. 12aBoso, Felipe, etr. 2ddccBK aInventariado, 2018 /LP 00102ddc40708CGaBPMETbBPMETd2015-12-10eFUNDIl0pBPMSU15120126r2015-12-10w2015-12-10yBK aLOPEREZb10 c9089d9089